Delivering change (Record no. 115647)
[ view plain ]
| 000 -LEADER | |
|---|---|
| fixed length control field | 01066cam a22002655a 4500 |
| 001 - CONTROL NUMBER | |
| control field | L159050 |
| 008 - FIXED-LENGTH DATA ELEMENTS--GENERAL INFORMATION | |
| fixed length control field | 151217s2015 xxk f 000 0 eng d |
| 035 ## - SYSTEM CONTROL NUMBER | |
| System control number | (Sirsi) u159050 |
| 041 0# - LANGUAGE CODE | |
| Language code of text/sound track or separate title | eng |
| 100 1# - MAIN ENTRY--PERSONAL NAME | |
| Personal name | McGough, Louise |
| 245 00 - TITLE STATEMENT | |
| Title | Delivering change |
| Remainder of title | Making the most of public assets |
| Medium | [electronic resource] |
| 260 ## - PUBLICATION, DISTRIBUTION, ETC. | |
| Place of publication, distribution, etc. | London |
| Name of publisher, distributor, etc. | Centre for Cities |
| Date of publication, distribution, etc. | 2015 |
| 520 ## - SUMMARY, ETC. | |
| Summary, etc. | Looks at how local authorities are maximising their public assets such as land and property to generate income streams which can be used to deliver services and stimulate economic growth. |
| 590 ## - LOCAL NOTE (RLIN) | |
| Local note | KA |
| 650 24 - SUBJECT ADDED ENTRY--TOPICAL TERM | |
| Topical term or geographic name entry element | LOCAL AUTHORITIES |
| 650 24 - SUBJECT ADDED ENTRY--TOPICAL TERM | |
| Topical term or geographic name entry element | ASSET MANAGEMENT |
| 650 24 - SUBJECT ADDED ENTRY--TOPICAL TERM | |
| Topical term or geographic name entry element | CITIES |
| 651 #4 - SUBJECT ADDED ENTRY--GEOGRAPHIC NAME | |
| Geographic name | England and Wales |
| Chronological subdivision | 1543- |
| 690 ## - LOCAL SUBJECT ADDED ENTRY--TOPICAL TERM (OCLC, RLIN) | |
| Topical term or geographic name as entry element | Commercial property |
| 9 (RLIN) | 6227 |
| 690 ## - LOCAL SUBJECT ADDED ENTRY--TOPICAL TERM (OCLC, RLIN) | |
| Topical term or geographic name as entry element | Business and management |
| 690 ## - LOCAL SUBJECT ADDED ENTRY--TOPICAL TERM (OCLC, RLIN) | |
| Topical term or geographic name as entry element | Infrastructure |
| 9 (RLIN) | 6246 |
| 700 1# - ADDED ENTRY--PERSONAL NAME | |
| Personal name | Bessis, Hugo |
| 856 40 - ELECTRONIC LOCATION AND ACCESS | |
| Uniform Resource Identifier | <a href="https://www.centreforcities.org/wp-content/uploads/2015/11/15-11-26-Delivering-Change-Public-Assets.pdf">https://www.centreforcities.org/wp-content/uploads/2015/11/15-11-26-Delivering-Change-Public-Assets.pdf</a> |
| Public note | View the item free of charge from the Www.centreforcities.org website. |
| 942 ## - ADDED ENTRY ELEMENTS (KOHA) | |
| Suppress in OPAC | 0 |
| Withdrawn status | Lost status | Source of classification or shelving scheme | Damaged status | Not for loan | Home library | Current library | Shelving location | Date acquired | Total Checkouts | Full call number | Barcode | Date last seen | Copy number | Price effective from | Koha item type |
|---|---|---|---|---|---|---|---|---|---|---|---|---|---|---|---|
| Dewey Decimal Classification | Virtual | Virtual | Online | 17/12/2015 | ONLINE CATALOGUE | 159050-2001 | 06/08/2019 | 1 | 06/08/2019 | Book |